Lecciones de apicultura : práctica del colmenar /

Guardado en:
Autor Principal: Oksman, Manuel
Otros Autores: Mattone, Héctor, ed.
Formato: Libro
Publicado: Buenos Aires : Talleres gráficos Córdoba, 1978
Materias:
Etiquetas: Agregar Etiqueta
Sin Etiquetas, Sea el primero en etiquetar este registro!
LEADER 02019nam a22001935a 4500
001 CEM.cems017968
005 20130321114640.0
008 130507s1978##################000#0#####d
003 CEMS
082 0 4 |a 638.1 
100 1 |a Oksman, Manuel 
245 1 0 |a Lecciones de apicultura :  |b práctica del colmenar /  |c Manuel Oksman ; editado Por Héctor J. Mattone 
260 |a Buenos Aires :  |b Talleres gráficos Córdoba,  |c 1978 
300 |a 349 p. 
505 0 |a La apicultura como negocio del apicultor -- La apicultura como actividad útil a la sociedad -- Lo que el apicultor debe tener -- Los comienzos -- La compra del primer colmenar -- Traslado y ubicación de las colmenas en su lugar -- El equipo del apicultor -- Lo que el apicultor debe saber -- Cómo se abre una colmena -- Cómo se determina el estado de una colmena -- La calidad de la reina: un poco de teoría -- La lectura de los panales -- Los panales normales -- Los panales anormales, síntoma de problemas en materia de reinas -- Cierre de la colmena -- La técnica abreviada -- La revisación abreviada del colmenar -- El manejo del colmenar -- Manejo de un colmenar inicial de núcleos -- Los primeros trabajos en el colmenar cosechero -- Evolución del colmenar a principios de primavera -- Corrección de las colmenas defectuosas -- Aprovechamiento de las colmenas de descarte -- Recapitulación. Anotaciones de colmenar -- La enjambrazón -- Manejo simplificado de la enjambrazón -- La mielada -- La cosecha de miel. El laboratorio -- La descarga del colmenar -- El manejo del laboratorio -- Final de cosecha: devolución de las alzas centrifugadas al colmenar y el envasado de la miel -- Fundición de la cera -- La invernada del colmenar -- Los problemas: el pillaje, las enfermedades, los enemigos de las abejas y otras cosas más -- El colmenar propio -- Cómo se hace un colmenar barato -- Calendario apícola 
653 |a Apícultura 
653 |a Abejas 
700 1 |a Mattone, Héctor, ed. 
859 |a CEMS  |b BIB. CEMS - Agricultura  |h 638.1  |i Ok6  |p A1807.13  |t Ej.1